| 000 | 00882nam a2200253 a 4500 | ||
|---|---|---|---|
| 001 | 000023998 | ||
| 005 | 20240302073950.0 | ||
| 008 | 110118s2008 dr a 000 0 spa d | ||
| 020 | _a9993483486 | ||
| 040 |
_aDO-SdBNP _bspa _cBNPHU |
||
| 082 |
_a923.2 _bC343g, 2008 |
||
| 100 | 1 |
_aCassá, Roberto, _d1948- _910888 |
|
| 245 | 1 | 0 |
_aGaspar Polanco : _bprimer jefe de la restauración / _cRoberto Cassá ; ilustraciones Ramiro Manzano. |
| 250 | _a2a. ed. | ||
| 260 |
_aSanto Domingo : _bTobogan, _c2008. |
||
| 300 |
_a69 p. : _bil. ; _c21 cm. |
||
| 490 | 1 | _aBiografías Dominicanas Tobogan ; | |
| 504 | _aBibliografías : p. 69 | ||
| 600 | 1 | 4 |
_aPOLANCO, GASPAR, _d1816-1867 _924589 |
| 651 | 4 |
_aRepública Dominicana _xBiografías _91325 |
|
| 651 | 4 |
_aRepública Dominicana _xHistoria _9170 |
|
| 700 | 1 |
_aManzano, Ramiro, _eil. _9768 |
|
| 830 | 0 |
_aBiografías Dominicanas Tobogan ; _9769 |
|
| 999 |
_c23493 _d23493 |
||